Statistiques concernant Pays les plus visités en Iran

Cliquez ici pour prendre le quiz!

Statistiques générales

  • Ce quiz a été pris 109 fois
  • Le résultat moyen est 13 sur 20

Statistiques - réponses

touristespays% Correct
1 240 000Irak
92%
46 000France
89%
75 000Chine
88%
498 000Turquie
88%
28 000Russie
84%
274 000Pakistan
82%
20 000Syrie
81%
79 000Inde
78%
764 000Afghanistan
76%
58 000Allemagne
66%
892 000Azerbaïdjan
64%
21 000Arménie
60%
49 000Liban
58%
39 000Italie
55%
26 000Oman
54%
136 000Turkménistan
53%
30 000Géorgie
47%
74 000Koweït
45%
91 000Bahreïn
26%
20 000Pays-Bas
16%

Distribution des résultats

Percentile par nombre de réponses

% des personnes avec chaque résultat

Votre développement - résultats

Vous n’avez pas pris ce quiz